000 00844nam a2200169 a 4500
008 210429s2012 ||||||||||||||||| || u
020 _a9785865474562
050 _aPG 2900 Sht
100 _aShtelter, Olga
245 1 0 _aIn this small basket
_cOlga Shtelter
260 _aSt. Petersburg
_c2012
300 _a84 pages: illustrations
650 _aRUSSIAN LITERATURE
995 _aMAIN LIBRARY OPEN ACCESS
_e751106
_FCBU-MAIN LIBRARY (Kitwe)
_jPG 2900 Sht
_M1
_UAVAILABLE
_WApr 29, 2021
_y751106
_ZMain Library Open Access Collection
995 _aMAIN LIBRARY OPEN ACCESS
_e751107
_FCBU-MAIN LIBRARY (Kitwe)
_jPG 2900 Sht
_M2
_UAVAILABLE
_WApr 29, 2021
_y751107
_ZMain Library Open Access Collection
995 _aMAIN LIBRARY OPEN ACCESS
_e751108
_FCBU-MAIN LIBRARY (Kitwe)
_jPG 2900 Sht
_M3
_UAVAILABLE
_WApr 29, 2021
_y751108
_ZMain Library Open Access Collection
999 _c76455
_d76455